| 000 | 00459nam a2200193Ia 4500 | ||
|---|---|---|---|
| 005 | 20250425162448.0 | ||
| 008 | 250425s9999 xx 000 0 und d | ||
| 020 | _a0444413324 | ||
| 041 | _aeng | ||
| 082 | _a639.4 | ||
| 245 | 0 | _aFARMING MARINE ORGANISMS LOW IN THE FOOD CHAIN | |
| 250 | _aS.E. | ||
| 260 | _aAMSTERDAM | ||
| 260 |
_aPaĆses Bajos, Holanda _bELSEVIER _c1976 |
||
| 300 | _a284 | ||
| 650 | _aMOLUSCOS | ||
| 942 | _c01 | ||
| 010 | _a75725 | ||
| 999 |
_c229738 _d229738 |
||